000 01575nam a22003977a 4500
003 CHAP
005 20220329140509.0
008 971013s1952 r 00010 d
010 _a52842
011 _a53814
035 _a57964
040 _cCHAP
082 _a575.1
_bS35
100 0 0 _aSánchez Monge y Parellada, Enrique.
_9107711
245 _aGenética general y agrícola
260 _aBarcelona :
_bSalvat,
_c1952
300 _a349 p.
_b: ilus.
590 _aBATCH-UPD
_b10
_c20130110
_lUCH01
_h0607
590 _aBATCH-UPD
_b10
_c20130410
_lUCH01
_h0248
590 _aBATCH-UPD
_b10
_c20130914
_lUCH01
_h1326
590 _aCONVERSION
_b10
_c20130109
_lUCH01
_h1329
650 1 4 _aGenética.
_947469
700 0 _aEsteruelas Rolando, Ramón.
_938297
901 _aBK
942 _cLIBRO
949 _a575.1 S35
_bBC
_cLIBRO
_d-125888
_eLIBRO
_fc.3
_h8519
_i57964
_si
949 _a575.1 S35
_bBC
_cLIBRO
_d-149811
_eLIBRO
_fc.14
_i57964
_si
949 _a575.1 S35
_bBC
_cLIBRO
_d-149813
_eLIBRO
_fc.19
_h26664
_i57964
_si
949 _a575.1 S35
_bBC
_cLIBRO
_d33724000400370
_eLIBRO
_h8517
_i57964
_si
949 _a575.1 S35
_bBC
_cLIBRO
_d33724000400396
_eLIBRO
_fc.20
_h8530
_i57964
_si
949 _a575.1 S35
_bBC
_cLIBRO
_d33724000400404
_eLIBRO
_fc.17
_h8529
_i57964
_si
949 _a575.1 S35
_bBC
_cLIBRO
_d33724000400412
_eLIBRO
_fc.16
_h8528
_i57964
_si
949 _a575.1 S35
_bBC
_cLIBRO
_d33724002019827
_eLIBRO
_fc.13
_h8526
_i57964
_si
949 _a575.1 S35
_bBC
_cLIBRO
_d33724002021248
_eLIBRO
_fc.15
_h8527
_i57964
_si
949 _a575.1 S35
_bBC
_cLIBRO
_d33724002061652
_eLIBRO
_fc.4
_h8520
_i57964
_si
999 _c52842
_d52842